The winged form : (Record no. 66930)

MARC details
000 -LEADER
fixed length control field 01331nam a22003137a 4500
005 - DATE AND TIME OF LATEST TRANSACTION
control field 20120521102552.0
008 - FIXED-LENGTH DATA ELEMENTS--GENERAL INFORMATION
fixed length control field 120521t xxu||||| |||| 00| 0 eng d
010 ## - LCCN (DPL NO)
LC control number ENG-105362
020 ## - INTERNATIONAL STANDARD BOOK NUMBER
International Standard Book Number 9788124606339
Terms of availability 500.00
020 ## - INTERNATIONAL STANDARD BOOK NUMBER
International Standard Book Number 8124606331
Terms of availability 500.00
035 ## - SYSTEM CONTROL NUMBER
System control number EN-88895
037 ## - SOURCE OF ACQUISITION
Source of stock number/acquisition DBAD/PUB
040 ## - CATALOGING SOURCE
Original cataloging agency DPL
Language of cataloging Eng
082 ## - DEWEY DECIMAL CLASSIFICATION NUMBER
Classification number 781.620954
100 ## - MAIN ENTRY--PERSONAL NAME
Personal name Saxena, Sushil Kumar.
9 (RLIN) 47159
245 ## - TITLE STATEMENT
Title The winged form :
Statement of responsibility, etc by Sushil Kumar Saxena
Remainder of title aesthetical essays on Hindustani rhythm /
250 ## - EDITION STATEMENT
Edition statement 2nd rev. ed
260 ## - PUBLICATION, DISTRIBUTION, ETC. (IMPRINT)
Place of publication, distribution, etc New Delhi
Name of publisher, distributor, etc Sangeet Natak Akademi & D.K. Printworld
Date of publication, distribution, etc 2012
270 ## - ADDRESS
Address 'Srikunj', F-52, Bali Nagar, Ramesh Nagar Metro Station
City New Delhi
Postal code 110015
300 ## - PHYSICAL DESCRIPTION
Extent xii,199p.
Dimensions 23cm(Hb)
500 ## - GENERAL NOTE
General note Includes bibliographical references and index
520 ## - SUMMARY, ETC.
Summary, etc Study on Balinese performance culture practised for the tourists in Ubud, Bali Island, Indonesia.
650 ## - SUBJECT ADDED ENTRY--TOPICAL TERM
Topical term or geographic name as entry element Music
Geographic subdivision India
9 (RLIN) 47522
General subdivision History and criticism.
650 ## - SUBJECT ADDED ENTRY--TOPICAL TERM
Topical term or geographic name as entry element Hindustani music
General subdivision History and criticism.
9 (RLIN) 1187
650 ## - SUBJECT ADDED ENTRY--TOPICAL TERM
Topical term or geographic name as entry element Hindustani music
General subdivision Philosophy and aesthetics.
9 (RLIN) 47523
650 ## - SUBJECT ADDED ENTRY--TOPICAL TERM
Topical term or geographic name as entry element Tala.
9 (RLIN) 47524
942 ## - ADDED ENTRY ELEMENTS (KOHA)
Source of classification or shelving scheme Dewey Decimal Classification
Item type English Books
Call number suffix SAX
Classification part 781.620954
Holdings
Withdrawn status Lost status Source of classification or shelving scheme Damaged status Not for loan Collection code Home library Current library Date acquired Source of acquisition Cost, normal purchase price Total Checkouts Full call number Barcode Date last seen Copy number Cost, replacement price Koha item type
    Dewey Decimal Classification   Not For Loan Non-fiction D.B.Act.Division D.B.Act.Division 21/05/2012 DBAD/PUB 500.00   781.620954 SAX EN-88895 21/05/2012 1 500.00 English Books

© Delhi Public Library
Hit Counter
free hit counter